| 000 | 01200pam a2200325 i 4500 | ||
|---|---|---|---|
| 001 | 016564543 | ||
| 003 | EG-ScBUE | ||
| 005 | 20260311094758.0 | ||
| 008 | 131202t2014 enka f b 001 0 eng d | ||
| 020 | _a9781408093764 (paperback) | ||
| 040 |
_aEG-ScBUE _beng _erda _cEG-ScBUE _dEG-ScBUE |
||
| 082 | 0 | 4 |
_a572 _bGAR _222 |
| 100 | 1 |
_aGarrett, Reginald H., _937034 _eauthor. |
|
| 245 | 1 | 0 |
_aBiochemistry / _cReginald H. Garrett, University of Virginia, Charles M. Grisham, University of Virginia ; with molecular graphic images by Michal Sabat, University of Virginia. |
| 250 | _aFifth edition. | ||
| 250 | _aCengage technology edition. | ||
| 264 | 1 |
_aHampshire : _bCengage Learning, _c[2014] |
|
| 264 | 1 | _cc2014 | |
| 300 |
_a1 volume (various pagings) : _bcolor illustrations ; _c25 cm |
||
| 336 |
_2rdacontent _atext _btxt |
||
| 337 |
_aunmediated _2rdamedia _bn |
||
| 338 |
_avolume _bnc _2rdacarrier |
||
| 504 | _aIncludes bibliographical references and index. | ||
| 650 | 7 |
_aBiochemistry. _918368 _2BUEsh |
|
| 653 |
_bPPhrm _cDecember2014 |
||
| 655 |
_vReading book _934232 |
||
| 700 | 1 |
_aGrisham, Charles M., _937035 _eauthor. |
|
| 700 | 1 |
_aSabat, Michal, _eillustrator. |
|
| 942 |
_2ddc _cBB |
||
| 999 |
_c18819 _d18791 |
||